Estructura económica de Espana : Industria y servicios

Đã lưu trong:
书目详细资料
主要作者: Tamames, Ramón
格式: 图书
语言:Undetermined
出版: Madrid Sociedad de Estudios y Publicaciones 1960
主题:
标签: 添加标签
没有标签, 成为第一个标记此记录!
Thư viện lưu trữ: Trung tâm Học liệu Trường Đại học Cần Thơ
LEADER 00552nam a2200193Ia 4500
001 CTU_82166
008 210402s9999 xx 000 0 und d
082 |a 330.946 
082 |b T153/Vol.2 
100 |a Tamames, Ramón 
245 0 |a Estructura económica de Espana : 
245 0 |b Industria y servicios 
245 0 |c Ramón Tamames 
260 |a Madrid 
260 |b Sociedad de Estudios y Publicaciones 
260 |c 1960 
650 |a Economic conditions 
904 |i Trọng Hải 
980 |a Trung tâm Học liệu Trường Đại học Cần Thơ